000 00658cam a22002294a 4500
001 12363082
005 20241215150557.0
008 010329s2002 maua 001 0 eng
020 _a0072907932 (alk. paper)
020 _a9780072907933
050 0 0 _aQM23.2
_b.V36 2002
082 0 0 _a611
_221
100 1 _aVan De Graaff, Kent M.
_q(Kent Marshall),
_d1942-
245 1 0 _aHuman anatomy /
_cKent Van De Graaff.
250 _a6th ed.
260 _aBoston :
_bMcGraw-Hill,
_cc2002.
300 _axxiv, 840 p. :
_bill. (chiefly col.) ;
_c28 cm.
500 _aIncludes index.
650 0 _aHuman anatomy.
650 1 2 _aAnatomy.
942 _2lcc
_cBK
_e6th ed.
_n0
999 _c2281
_d2281